La Suède en 50 images - Statistiques

Statistiques générales
  • Ce quiz a été pris 61 fois
  • Le résultat moyen est 29 sur 50
Statistiques - réponses
Par images Hint Réponse % Correct
Chaîne de magasins IKEA
100%
Phénomène Aurore boréale
98%
Groupe de pop ABBA
96%
Capitale Stockholm
96%
Anciens explorateurs Vikings
95%
Type de pain Pain suédois
93%
Service de streaming audio Spotify
93%
Langue Suédois
93%
Animal national Élan
91%
Ex-footballeur Zlatan Ibrahimović
91%
Concours européen de chant remporté 7 fois par la Suède Eurovision
89%
Marque de voiture Volvo
88%
Technologie de communication sans fil Bluetooth
86%
Sport dans lequel le pays excelle Hockey sur glace
86%
Jeu vidéo Minecraft
82%
Unité de température Degré Celsius
81%
Mer Mer Baltique
81%
Région Scandinavie
81%
DJ Avicii
75%
Événement mondial ayant eu lieu en Suède en 1958 Coupe du monde de football
72%
Ville Malmö
72%
Régime politique en vigueur Monarchie constitutionnelle
72%
Militante et écologiste Greta Thunberg
70%
Marque de friandise en barre Daim
68%
Région naturelle Laponie
68%
Personnage fictif Fifi Brindacier
63%
Ville Göteborg
61%
Perchiste Armand Duplantis
51%
Chimiste Alfred Nobel
49%
Youtubeur PewDiePie
46%
Ex-joueur de tennis Björn Borg
42%
Monnaie Couronne suédoise
42%
Île, suédoise entre 1813 et 1814 Guadeloupe
42%
Chanteuse Zara Larsson
40%
Constructeur automobile et aéronautique Saab
35%
Double vainqueure de ce concours Loreen
33%
Série de livres et de films Millénium
30%
Mot désignant la pause café Fika
28%
Réalisateur Ingmar Bergman
28%
Actrice Ingrid Bergman
28%
Hôtel ICEHOTEL
26%
Île, désormais française, colonisée de 1784 à 1878 Saint-Barthélemy
26%
Ville Uppsala
26%
Île Gotland
25%
Pont Pont de l'Øresund
21%
Fabricant de produits pour l’extérieur (tondeuses, …) Husqvarna
16%
Entreprise de télécommunications Ericsson
14%
Chaîne de montagne Alpes scandinaves
11%
Île Öland
9%
Figurine en bois traditionnelle Cheval de Dalécarlie
7%
Aucun quiz correspondant
Distribution des résultats
% des personnes avec chaque résultat
Percentile par nombre de réponses
Votre historique - résultats
Vous n’avez pas pris ce quiz